Microbiology: (Record no. 2239)

MARC details
000 -LEADER
fixed length control field 00612nam a22002177a 4500
003 - CONTROL NUMBER IDENTIFIER
control field OSt
005 - DATE AND TIME OF LATEST TRANSACTION
control field 20150909131845.0
008 - FIXED-LENGTH DATA ELEMENTS--GENERAL INFORMATION
fixed length control field 150909b xxu||||| |||| 00| 0 eng d
020 ## - INTERNATIONAL STANDARD BOOK NUMBER
International Standard Book Number 9780805347913
040 ## - CATALOGING SOURCE
Transcribing agency DNLM
082 ## - DEWEY DECIMAL CLASSIFICATION NUMBER
Classification number QW4 T63m 2007
100 ## - MAIN ENTRY--PERSONAL NAME
Personal name Tortora Gerard J.
9 (RLIN) 1309
245 ## - TITLE STATEMENT
Title Microbiology:
Remainder of title an introduction
250 ## - EDITION STATEMENT
Edition statement 9th ed.
260 ## - PUBLICATION, DISTRIBUTION, ETC. (IMPRINT)
Place of publication, distribution, etc. San Francisco;
Name of publisher, distributor, etc. Pearson,
Date of publication, distribution, etc. 2007
300 ## - PHYSICAL DESCRIPTION
Extent xxvi,958p;
Other physical details col.ill:
Dimensions 28cm
504 ## - BIBLIOGRAPHY, ETC. NOTE
Bibliography, etc References,glossary, & index included
650 ## - SUBJECT ADDED ENTRY--TOPICAL TERM
Topical term or geographic name as entry element Microbiology
9 (RLIN) 749
700 ## - ADDED ENTRY--PERSONAL NAME
Personal name Funke, Berdell R. ; Case, Christine L.
9 (RLIN) 5688
942 ## - ADDED ENTRY ELEMENTS (KOHA)
Source of classification or shelving scheme Other/Generic Classification Scheme
Koha item type Open Shelf
Holdings
Withdrawn status Lost status Source of classification or shelving scheme Damaged status Not for loan Home library Current library Date acquired Source of acquisition Inventory number Total Checkouts Full call number Barcode Date last seen Koha item type
    Other/Generic Classification Scheme     MUST Main Library MUST Main Library 09/09/2015   08/29479   QW4 T63m 2007 2015-2218 09/09/2015 Open Shelf
    Other/Generic Classification Scheme     MUST Main Library MUST Main Library 09/09/2015   08/29478   QW4 T63m 2007 2015-2226 09/09/2015 Open Shelf